| 000 | 00439nam a2200169Ia 4500 | ||
|---|---|---|---|
| 005 | 20250423100034.0 | ||
| 008 | 250422s9999 xx 000 0 und d | ||
| 020 | _a0- 8071- 2240- 8 | ||
| 050 | _aF369.L896 | ||
| 100 | _aFrank De Caro | ||
| 245 | 0 | _aLouisiana sojourns: travelers' tales and literacy journeys | |
| 260 | _bLSU press | ||
| 260 | _c1998 | ||
| 300 | _a581 p | ||
| 650 | _aLouisiana- description and travel | ||
| 942 | _cBK | ||
| 999 |
_c32100 _d32100 |
||